Statistiques concernant Tous les joueurs qui ont fait un but à la Coupe du monde 2018

Cliquez ici pour prendre le quiz!

Statistiques générales

  • Ce quiz a été pris 548 fois
  • Le résultat moyen est 42 sur 110

Statistiques - réponses

G*% Correct
France4Antoine Griezmann
99%
France4Kylian Mbappe
99%
France1Paul Pogba
96%
Portugal4Cristiano Ronaldo
94%
Croatie2Luka Modrić
94%
Argentine1Lionel Messi
91%
Brésil2Neymar
91%
France1Samuel Umtiti
91%
France1Benjamin Pavard
90%
Belgique3Eden Hazard
90%
Belgique4Romelu Lukaku
90%
France1Raphaël Varane
89%
Angleterre6Harry Kane
87%
Croatie3Mario Mandzukić
82%
Belgique1Kevin De Bruyne
81%
Egypte2Mohamed Salah
81%
Uruguay3Edinson Cavani
80%
Uruguay2Luis Suarez
80%
Senegal1Sadio Mane
74%
Croatie3Ivan Perisić
71%
Corée du Sud2Son Heung-min
70%
Argentine1Angel di Maria
69%
Croatie1Ivan Rakitić
68%
Argentine2Sergio Agüero
66%
Brésil1Thiago Silva
66%
Allemagne1Toni Kroos
66%
Danemark1Christian Eriksen
61%
Espagne3Diego Costa
59%
Suisse1Xherdan Shaqiri
58%
Brésil2Philippe Coutinho
57%
Colombie1Radamel Falcao
54%
Tunisie2Wahbi Khazri
49%
Russie4Denis Cheryshev
47%
Mexique1Javier Hernandez
45%
Belgique1Marouane Fellaini
45%
Belgique1Nacer Chadli
45%
Belgique1Dries Mertens
44%
Suisse1Granit Xhaka
44%
Portugal1Pepe
44%
Russie1Aleksandr Golovin
43%
Belgique1Jan Vertonghen
43%
Espagne1Nacho
43%
Belgique1Thomas Meunier
43%
Croatie1Domagoj Vida
42%
Angleterre1Harry Maguire
40%
Portugal1Ricardo Quaresma
39%
Colombie3Yerry Mina
38%
Russie3Artem Dzyuba
37%
Japon1Keisuke Honda
36%
Croatie1Ante Rebić
35%
Brésil1Roberto Firmino
35%
Nigeria2Ahmed Musa
34%
Mexique1Hirving Lozano
33%
Colombie1Juan Cuadrado
33%
Argentine1Gabriel Mercado
31%
Allemagne1Marco Reus
31%
Belgique1Michy Batshuayi
31%
Serbie1Aleksandar Mitrovic
30%
Angleterre1Dele Alli
29%
Angleterre1Kieran Trippier
29%
Argentine1Marcos Rojo
29%
Angleterre1Jesse Lingard
28%
Russie1Mario Fernandes
28%
Danemark1Yussuf Yurary Poulsen
28%
Suede1Emil Forsberg
26%
Angleterre2John Stones
26%
Uruguay1Jose Gimenez
26%
Belgique1Adnan Januzaj
25%
Espagne1Isco
25%
Japon1Shinji Kagawa
25%
Croatie1Andrej Kramarić
24%
Senegal1Mbaye Niang
22%
Brésil1Paulinho
22%
Japon2Takashi Inui
22%
Islande1Gylfi Sigurdsson
20%
Australie2Mile Jedinak
20%
Nigeria1Victor Moses
19%
Serbie1Aleksandar Kolarov
18%
Suede2Andreas Granqvist
17%
Brésil1Renato Augusto
17%
Espagne1Iago Aspas
16%
Colombie1Juan Quintero
16%
Suede1Ola Toivonen
15%
Pologne1Grzegorz Krychowiak
14%
Mexique1Carlos Vela
13%
Perou1Paolo Guerrero
13%
Corée du Sud1Kim Younggwon
10%
Suisse1Blerim Dzemaili
8%
Tunisie1Fakhreddine Ben Youssef
8%
Maroc1Youssef En Nesyri
8%
Tunisie1Dylan Bronn
6%
Suisse1Steven Zuber
6%
Islande1Alfred Finnbogason
5%
Tunisie1Ferjani Sassi
5%
Maroc1Khalid Boutaib
5%
Danemark1Mathias Jorgensen
5%
Senegal1Moussa Wague
5%
Arabie saoudite1Salem Aldawsari
4%
Japon1Genki Haraguchi
3%
Russie1Iury Gazinsky
3%
Pologne1Jan Bednarek
3%
Suisse1Josip Drmić
3%
Croatie1Milan Badelj
3%
Panama1Felipe Baloy
2%
Iran1Karim Ansarifard
2%
Costa Rica1Kendal Waston
2%
Suede1Ludwig Augustinsson
2%
Arabie saoudite1Salman Alfaraj
2%
Japon1Yuya Osako
2%
Perou1Andre Carrillo
1%

Distribution des résultats

Percentile par nombre de réponses

% des personnes avec chaque résultat

Votre développement - résultats

Vous n’avez pas pris ce quiz